Entrevista a la guerra : 100 converses : de Lluís Companys a Pau Casals, 1936-1939 /

Gespeichert in:
Bibliographische Detailangaben
Weitere Verfasser: Figueres, Josep M.
Format: Buch
Sprache:Catalan
Veröffentlicht: Barcelona : L'esfera dels Llibres, 2007.
Ausgabe:1. edicióon
Schriftenreihe:Història
Schlagworte:
Tags: Tag hinzufügen
Keine Tags, Fügen Sie den ersten Tag hinzu!

MARC

LEADER 00000cam a2200000 a 4500
001 9324976
005 20150731142900.0
008 070904s2007 sp a 000 0dcat
020 |a 9788497346016 
020 |a 8497346017 
040 |a DLC  |c DLC  |d PL#  |d CUY  |d HEBIS  |d CIICLA 
082 |a 016.467  |b E61e 
245 1 0 |a Entrevista a la guerra :  |b 100 converses : de Lluís Companys a Pau Casals, 1936-1939 /  |c Josep Maria Figueres. 
250 |a 1. edicióon 
260 |a Barcelona :  |b L'esfera dels Llibres,  |c 2007. 
300 |a 354 páginas :  |b ilustraciones ;  |c 25 centímetros. 
490 1 |a Història 
650 1 4 |a POLITICOS  |z ESPAÑA  |v ENTREVISTAS 
650 1 4 |a INTELECTUALES  |z ESPAÑA  |z CATALUÑA  |v ENTREVISTAS 
650 1 7 |a GUERRA  |2 swd  |v INFORMES 
650 |2 swd 
650 1 7 |a GUERRA CIVIL ESPAÑOLA  |2 swd 
651 1 4 |a ESPAÑA  |x HISTORIA  |x MEDIOS DE COMUNICACION Y LA GUERA  |y GUERRA CIVIL, 1936-1939  |x ASPECTOS SOCIALES. 
651 1 7 |a CATALUÑA  |2 swd 
700 1 |a Figueres, Josep M. 
942 |2 ddc  |c BK 
999 |c 4451  |d 4451